000 00891nam a2200241Ia 4500
001 dia_6855
003 CHAP
008 220117s1964 xx 000 0 und d
010 _a178201
040 _cCHAP
090 _aF 240 1964
110 _aOrganización Panamericana de la Salud
_983557
245 _aControl de las infecciones entericas : ideas para la formulación de un plan de control de las infecciones entéricas, incluyendo medidas de saneamiento ambiental, epidemiología, educación para la salud y de diagnóstico y tratamiento oportuno
260 _aEstados Unidos de América :
_b Organización Panamericana de la Salud,
_c1964
300 _a83 p.
440 _aPublicaciones científicas ; 100
_9162837
901 _aF 240 1964
902 _aM
905 _a0000001964 -us 0000000000SPA00
942 _c12
942 _c12
999 _c178201
_d178201